Представление документа в формате RUSMARC

ПолеНазваниеЗначение
  Тип записи a
  Библиографический уровень a
001 Контрольный номер RU/УОНБ/EK_KRAY/320911819
005 Дата корректировки 20220304200048.8
100 Данные общей обработки __
a Данные общей обработки 20060912d2006 u u0rusy0103 ba
101 Язык документа 0_
a Язык текста rus
200 Заглавие и сведения об ответственности 1_
a Заглавие О наделении органов местного самоуправления муниципальных образований Ульяновской области государственными полномочиями Ульяновской области на подготовку проведения Всероссийской сельскохозяйственной переписи
e Сведения, относящиеся к заглавию закон Ульяновской области от 4 июля 2006 г. N 92-ЗО
210 Выходные данные 1_
d Дата издания 2006
225 Серия 1_
a Серия Документы
330 Аннотация __
a Аннотация Утратил силу. См. Закон от 9 янв. 2008 г. N 8-ЗО (Ульян. правда. 2008. 16 янв.).
461 Уровень набора _0
1 2001
a Ульяновская правда
463 Уровень физической единицы _0
1 2000
a 7 июля.
v С. 12.
1 210
d 2006
610 Ключевые слова 0_
a Ключевые слова законы Ульяновской области
610 Ключевые слова 0_
a Ключевые слова сельскохозяйственная перепись
686 Индексы других классификаций __
a Классификационный индекс 0Б(2...-4)
2 Код системы rubbk
686 Индексы других классификаций __
a Классификационный индекс 65.632-21
2 Код системы rubbk
801 Источник записи _0
a Страна RU
b Организация Ульяновская ОНБ
c Дата составления 20060912
g Правила каталогизации PSBO
801 Источник записи _1
a Страна RU
b Организация Ульяновская ОНБ
c Дата составления 20060912
901 Тип документа __
t Тип документа b
938 Служебная информация __
a Имя БД kraeved_work
b Имя библиотеки УОНБ
c Имя АИБС МАРК-SQL
d Номер DOC_ID в БД 55725